000
00327nam a2200133Ia 4500
008
260604s9999 xx 000 0 und d
020
_a
9781138363199
082
_a
001.4 JON
100
_a
JONES [REBECCA J.]
_9
35635
245
0
_a
COACHING WITH RESEARCH IN MIND
260
_b
ROUTLEDGE
500
_a
Research, Mind
942
_c
BK
999
_c
8459
_d
8459